|
|
|
|
| LEADER |
00918cam a2200253 7i4500 |
| 001 |
0000028311 |
| 005 |
20210105090000.0 |
| 008 |
290609 eng |
| 020 |
|
|
|a 0849370442 (v.44)
|
| 040 |
|
|
|a UNIMAS
|
| 090 |
0 |
0 |
|a GC11.2
|b .C24 2007
|
| 245 |
0 |
0 |
|a Oceanography and marine biology :
|b an annual review :
|b an annual review :
|b volume 44
|c editors R. N. Gibson, R.J.A. Atkinson, J.D.M. Gordon; founded by Harold Barnes.
|
| 260 |
|
|
|a Boca Raton:
|b CRC Press,
|c 2007.
|
| 300 |
|
|
|a ix, 520 p.:
|b ill.;
|c 26 cm.
|
| 504 |
|
|
|a Includes bibliographical references and index
|
| 650 |
0 |
0 |
|a Marine biology --
|x Research
|
| 650 |
0 |
0 |
|a Marine biology
|
| 650 |
0 |
0 |
|a Oceanography
|
| 650 |
0 |
0 |
|a Oceanography --
|x Research
|
| 700 |
1 |
|
|a Gordon, J.D.M
|
| 700 |
1 |
|
|a Atkinson, R.J.A
|
| 700 |
1 |
|
|a Gibson, R.N
|
| 997 |
|
|
|a Health Sciences, Faculty
|
| 999 |
|
|
|a 0000025132
|b BOK
|c OPEN SHELF
|e 1st Floor, Shah Alam
|